| 000 | 00527nam a2200169 i 4500 | ||
|---|---|---|---|
| 001 | 49710 | ||
| 003 | ES-MaACL | ||
| 005 | 20230906162041.0 | ||
| 007 | t| | ||
| 008 | 030722s1971 sp ||||1| spa d | ||
| 100 | 1 |
_aCounsilman, James E. _941250 |
|
| 245 | 1 | 3 |
_aLa natación _b: ciencia y técnica / _cJames E. Counsilman ; [traducida por Jaime Perdigó]. |
| 260 |
_aBarcelona : _bHispano Europea, _c[1971] |
||
| 300 |
_a537 p. : _bil. ; _c21 cm. |
||
| 700 | 1 |
_aPerdigó, Jaime. _990419 |
|
| 852 |
_aES-MaACL _jC-41981 _bR.79376 |
||
| 999 |
_c49710 _d49710 |
||